| 000 | 00818cam a2200265 a 4500 | ||
|---|---|---|---|
| 001 | 442873 | ||
| 003 | Nust | ||
| 005 | 20220831102600.0 | ||
| 008 | 820319s1983 vaua 000 1 eng | ||
| 010 | _a 82005008 | ||
| 020 |
_a0898651913 (pbk.) : _cRs. 291.56 |
||
| 020 | _a978-0898651911 | ||
| 038 | _aArshad | ||
| 040 |
_aDLC _cDLC _dDLC |
||
| 050 | 0 | 0 |
_aPS3552.R228 _bC6 1983 |
| 082 | 0 | 0 |
_a823 _bBAR |
| 100 | 1 |
_aBradley, Marion Zimmer. _911752 |
|
| 245 | 1 | 4 |
_aThe colors of space / _cby Marion Zimmer Bradley ; edited by Hank Stine ; illustrated by Barbi Johnson. |
| 260 |
_aNorfolk, Va. : _bDonning Co., _c1983. |
||
| 300 |
_a141 p. : _bill. ; _c22 cm. |
||
| 655 | 7 |
_aScience fiction. _2gsafd _91086 |
|
| 700 | 1 |
_aStine, Hank. _911753 |
|
| 906 |
_a7 _bcbc _corignew _d1 _eocip _f19 _gy-gencatlg |
||
| 942 |
_2ddc _cBK |
||
| 999 |
_c48237 _d48237 |
||